000 00421nam a2200181Ia 4500
008 090124s9999 xx 000 0 und d
082 _b35056
100 _aSEMENOV N. N.
245 _aTHINGS TO COME
250 _a1
260 _bMIR PUBLISHERS MOSCOW
_c1974
300 _a270
600 _aSEMENOV N. N.
630 _aTHINGS TO COME
700 _aSEMENOV N. N.
730 _aTHINGS TO COME
942 _cBOOK
999 _c101006
_d101006